Responses for Show #627 - Tuesday, May 5, 1987

Missing introductions.

Contestants

[<< previous game]

Phil Marino, a dentist from Clearwater, Florida

Joanne Skelly-Gearhart, a nursing instructor from East Aurora, New York

Jean Volk, an attorney from North Brunswick, New Jersey (whose 1-day cash winnings total $10,900)

[next game >>]

Jeopardy! Round responses

WORLD HISTORY
SOAP OPERAS
AUSSIE ENGLISH
GOVERNMENT & POLITICS
BOTTOMS UP
ANIMALS IN SONG
    $100 19
Canada

Joanne
    $100 11
The Young and the Restless

Phil
    $100 16
kangaroos

Phil
    $100 26
Grand Old Party

Jean
    $100 6
(Jean: what is Kahlua?)

a Black Russian

JeanPhil
    $100 1
Peter Cottontail

Joanne
    $200 20
the Netherlands

Triple Stumper
    $200 12
Dark Shadows

Phil
    $200 17
the truth

Joanne
    $200 27
(Joanne: What is vote as a bloc?)
(Alex: Be more specific.)

vote Democratic

Joanne
    $200 7
a Boilermaker

Jean
    $200 2
a crocodile

Jean
    $300 21
Molotov

Phil
    $300 13
(Jean: Who is Mike?)

Bo

JeanPhil
    $300 18
a swagman

Jean
    $300 28
a pocket veto

Jean
    $300 8
B&B

Jean
    $300 3
Rocky Raccoon

Jean
    $400 22
(Phil: What is Cuba?)

the Philippines

Phil
    $400 14
Another World & As the World Turns

Phil
    $400 24
British

Phil
    $400 29
(Phil: Who is Kennedy?)
(Alex: Be more specific.)
(Phil: I knew you'd say that. Who is Robert Kennedy, Jr.?)
(Jean: Who is Joseph Kennedy?)
(Alex: More specific.)
(Jean: The third?)

Joseph P. Kennedy II

JeanPhil
Triple Stumper
    $400 9
(Joanne: What is water?)
(Alex: Be more specific.)
(Joanne: What is mineral water?)

soda water

Joanne
Triple Stumper
    $400 4
a racehorse

Triple Stumper
    $500 23
Japan

Triple Stumper
    $500 15
(Jean: Who's Richard Dean Anderson?)

Kin Shriner

Jean
Triple Stumper
    $500 25
(Alex: We've got a minute to go.)

wine

Triple Stumper
    $500 30
Common Cause

Triple Stumper
    $500 10
a mimosa

Phil
    $500 5
"The Lion Sleeps Tonight"

Phil

Scores at the first commercial break (after clue 15):

Jean Joanne Phil
$100 -$300 $2,100

Scores at the end of the Jeopardy! Round:

Jean Joanne Phil
$400 $200 $2,100

Double Jeopardy! Round responses

NEW TESTAMENT
CLASSICAL MUSIC
AFRICA ON FILM
SEE THE USA
WEAPONS
(Alex: And, for hopefully a bit of levity...)
FARCE
    $200 10
vengeance

Jean
    $200 4
harpsichord

Joanne
    $200 9
Illinois

Jean
    $200 3
a pop gun

Jean
    $200 1
One, Two, Three

Triple Stumper
    $400 11
Luke

Phil
    $400 5
the Ninth Symphony

Phil
    $400 15
Florida

Joanne
    $400 19
(Phil: What's a billy club?)
(Joanne: What's a night club?)

a nightstick

JeanJoannePhil
    $400 2
Bedroom Farce

Triple Stumper
    $600 12
Michael

Triple Stumper
    $2,000 6
Giuseppe Verdi

Phil
    $600 16
(Phil: What's Olympia?)

Spokane

Phil
Triple Stumper
    $600 20
a battle axe

Jean
    $600 23
(Phil: What's a hat?)
(Alex: Be more specific.)
(Phil: What's a hat made in Italy?)
...
(Alex: Minute to go in the round.)

the Italian straw hat

Phil
Triple Stumper
    $800 13
(Alex: I agree.)

to burn

Triple Stumper
    $800 7
spring

Triple Stumper
    $800 27
[The end-of-round signal sounds.]

Kenya

Triple Stumper
    $800 17
Denver

Triple Stumper
    $800 21
knives

Triple Stumper
    $800 24
darkness

Phil
    $1000 14
(Alex: There we might have a disagreement.)
[Laughter]

your wages

Triple Stumper
    $1000 8
George Frideric Handel

Triple Stumper
    $100 26
Road to Morocco (or Road to Zanzibar)

Phil
    $1000 18
Quincy, Mass.

Triple Stumper
    $1000 22
a flail

Triple Stumper
    $1000 25
a flea

Triple Stumper

Scores at the end of the Double Jeopardy! Round:

Jean Joanne Phil
$2,000 $400 $4,200
(lock game)

[wagering suggestions for these scores]

Final Jeopardy! Round responses

ART NEWS
(Alex: [To Joanne] According to Bell Labs researcher William Schwartz, that was indeed the model for the Mona Lisa.)
[ERRATUM: The researcher was Lillian Schwartz, not William Schwartz.]
JoanneWho was Leonardo da Vinci
$390
JeanWho was Da Vinci?
$0
PhilWho is Da Vinci's wife?
$10
Leonardo da Vinci

Final scores:

Jean Joanne Phil
$2,000 $790 $4,190
2nd place: trip to New Orleans, Louisiana 3rd place: Frigidaire washer & dryer New champion: $4,190

Game dynamics:

Coryat scores:

Jean Joanne Phil
$2,000 $400 $4,100
12 R,
4 W
6 R,
2 W
15 R
(including 2 DDs),
5 W
(including 1 DD)

Combined Coryat: $6,500

[game clues] [game scores] [suggest correction]

Game tape date: 1987-01-13
The J! Archive is created by fans, for fans. Scraping, republication, monetization, and malicious use prohibited; this site may use cookies and collect identifying information. See terms. The Jeopardy! game show and all elements thereof, including but not limited to copyright and trademark thereto, are the property of Jeopardy Productions, Inc. and are protected under law. This website is not affiliated with, sponsored by, or operated by Jeopardy Productions, Inc. Join the discussion at JBoard.tv.